| 000 | 00623nam a2200205 4500 | ||
|---|---|---|---|
| 003 | OSt | ||
| 005 | 20240703060141.0 | ||
| 006 | a | ||
| 008 | 240703b |||||||| |||| 00| 0 eng d | ||
| 020 | _a9789715847056 | ||
| 040 |
_aDWCL-HMN lib. _cOC |
||
| 082 | _aCirc. 610.73 C592c 2008 | ||
| 100 | _aClark, Carolyn Chambers | ||
| 245 | _aClassroom skills for nurse educators / | ||
| 260 |
_aBoston : _bJones & Bartlett Pub., _cc2008. |
||
| 300 |
_axi, _b417 p. : ill. ; _c22 cm. |
||
| 504 | _aIncludes bibliographical references and index. | ||
| 650 | _a1. Nursing-Study and teaching. | ||
| 942 |
_2ddc _n0 _cBK-CIRC _kCirc. |
||
| 999 |
_c1875 _d1875 |
||